000
00277nam a22001217a 4500
008
171012b xxu||||| |||| 00| 0 eng d
041
_a
eng
080
_a
316
100
_a
50
101
_a
SOC
245
_a
SOCIOLOGICAL CONSTRUCTIONS OF DEVIANCE
_c
DAVIS,N,J
942
_2
udc
_c
BK
999
_c
33312
_d
33312